000 00318nam a2200157Ia 4500
100 _aGulati/R.R
250 _a4
942 _cRB
654 _aSocial Studies
245 _aSocial Studies
260 _bTata Mc Graw hill
_aDelhi
_c186
082 _a362.85
_bGUL
300 _a186
546 _aENGLISH
999 _c30496
_d30496